Score 0/11 Timer 05:00
25 Plays Today
# of Borders Country % Correct
14Russia
95.6%
14China
94.8%
9Germany
80.5%
10Brazil
74.6%
10France
68.8%
9Democratic Republic of the Congo
56.3%
8Austria
55.7%
8Turkey
48.5%
8Serbia
34.6%
8Zambia
21.7%
8Tanzania
19.6%
Come Together.
Have Fun.
All Virtual.
We all need to come together. Play Sporcle's virtual live trivia to have fun, connect with people, and get your trivia on. Join a live hosted trivia game for your favorite pub trivia experience done virtually. If a virtual private party is more your thing, go here for details.

You're not logged in!

Compare scores with friends on all Sporcle quizzes.
OR
Log In

Sporcle TV

Today on Sporcle TV


Watch our educational content, quiz creation guides, and fun videos on Sporcle TV.

Show Comments

Extras

Top Quizzes Today


Score Distribution

Paid Content

Your Account Isn't Verified!

In order to create a playlist on Sporcle, you need to verify the email address you used during registration. Go to your Sporcle Settings to finish the process.

Report this User

Report this user for behavior that violates our Community Guidelines.

Details: